Lyrics to 'Aprender a Quererte' by Morat - Statistics

General Stats
  • This quiz has been taken 49 times
  • The average score is 219 of 259
Answer Stats
Answer % Correct
a
100%
de
100%
De
100%
más
100%
me
100%
mi
100%
que
100%
Quiero
100%
quiero
100%
100%
se
100%
si
100%
Si
100%
tu
100%
100%
un
100%
Una
100%
una
100%
vi
100%
aprender
88%
cómo
88%
con
88%
Cuando
88%
cumplen
88%
en
88%
estudiar
88%
la
88%
lentamente
88%
mirada
88%
muy
88%
No
88%
no
88%
Para
88%
perdido
88%
pierdo
88%
quererte
88%
sin
88%
sueños
88%
te
88%
Te
88%
tus
88%
vida
88%
Voy
88%
Y
88%
algo
75%
Aquí
75%
buen
75%
canción
75%
Darte
75%
dejas
75%
dentro
75%
enseñarte
75%
entenderte
75%
escribo
75%
esos
75%
extrañarme
75%
filosofía
75%
fortuna
75%
grande
75%
habrá
75%
Habré
75%
historia
75%
honesta
75%
Hoy
75%
juró
75%
lado
75%
leerte
75%
lo
75%
Lo
75%
locura
75%
mezcla
75%
nada
75%
Ni
75%
ortografía
75%
por
75%
Por
75%
preguntas
75%
presentimiento
75%
respuestas
75%
restas
75%
sentí
75%
siempre
75%
solo
75%
Solo
75%
sumas
75%
tenerte
75%
ti
75%
vez
75%
Antes
63%
aunque
63%
días
63%
escribirte
63%
estar
63%
he
63%
junto
63%
llegan
63%
los
63%
miedo
63%
momento
63%
pensar
63%
raro
63%
sea
63%
tal
63%
toda
63%
todos
63%
tuve
63%
descansaré
50%
esperado
50%
voz
50%
demuestre
38%
Ruego
38%
No matching quizzes found
Score Distribution
Percent of People with Each Score
Percentile by Number Answered
Your Score History
You have not taken this quiz